[Event "CFriend SL-2005-0-00030 email"]
[Site "Chessfriend.com"]
[Date "2005.04.13"]
[Round "1"]
[White "Borrell, Robert"]
[Black "Lundqvist, Tomas"]
[Result "1-0"]
[WhiteElo "1910"]
[BlackElo "960"]
[PlyCount "57"]
[EventDate "2005.04.13"]
[EventType "tourn (corr)"]
[EventRounds "6"]
[SourceTitle "Corr 2008"]
[Source "ChessBase"]
[SourceDate "2008.06.24"]
[SourceVersion "1"]
[SourceVersionDate "2008.06.24"]
[SourceQuality "1"]

1. e4 c5 2. Nf3 e6 3. d4 cxd4 4. Nxd4 Nf6 5. Nc3 d6 6. g4 a6 7. g5 Nfd7 8. f4 Nc5 9. Be3 b5 10. Bg2 b4 11. Nb1 a5 12. 0-0 Nbd7 13. a3 Bb7 14. f5 e5 15. Ne6 Nxe6 16. fxe6 fxe6 17. Nd2 Nc5 18. Qh5+ g6 19. Qf3 Qc7 20. axb4 axb4 21. Rxa8+ Bxa8 22. Nc4 Be7 23. Qf7+ Kd8 24. Qg7 Re8 25. Qxh7 d5 26. Ra1 Bc6 27. exd5 exd5 28. Qxg6 dxc4 29. Bxc6 1-0

[Event "CFriend SL-2005-0-00030 email"]
[Site "Chessfriend.com"]
[Date "2005.04.13"]
[Round "1"]
[White "Lundqvist, Tomas"]
[Black "Smoller, Volkmar"]
[Result "0-1"]
[WhiteElo "960"]
[BlackElo "910"]
[PlyCount "76"]
[EventDate "2005.04.13"]
[EventType "tourn (corr)"]
[EventRounds "6"]
[SourceTitle "Corr 2008"]
[Source "ChessBase"]
[SourceDate "2008.06.24"]
[SourceVersion "1"]
[SourceVersionDate "2008.06.24"]
[SourceQuality "1"]

1. e4 e5 2. Nf3 Nc6 3. Nc3 Nf6 4. Bb5 Bc5 5. 0-0 0-0 6. d3 d6 7. Bg5 Bg4 8. Nd5 Nd4 9. Bc4 Bxf3 10. gxf3 b5 11. b4 bxc4 12. bxc5 Nxd5 13. Bxd8 Nc3 14. Bxc7 Nxd1 15. Raxd1 dxc5 16. Kg2 f6 17. dxc4 Rfc8 18. Ba5 Rab8 19. Rb1 Nxc2 20. Rfc1 Nd4 21. Rd1 Kf7 22. Bd2 g5 23. a4 Ke6 24. Ba5 h5 25. h3 Rxb1 26. Rxb1 Rc6 27. Bc3 Rd6 28. Rb7 Ne2 29. Be1 Rd1 30. Ba5 Nf4+ 31. Kh2 Rd3 32. Rxa7 Rxf3 33. Ra6+ Kf7 34. Ra7+ Kg6 35. Bb6 Rxf2+ 36. Kh1 Nxh3 37. a5 g4 38. Bxc5 Ra2 0-1

[Event "CFriend SL-2003-0-00005 email"]
[Site "Chessfriend.com"]
[Date "2003.03.14"]
[Round "1"]
[White "Lundqvist, Tomas"]
[Black "Just, Bent"]
[Result "0-1"]
[WhiteElo "960"]
[BlackElo "1595"]
[PlyCount "88"]
[EventDate "2003.03.13"]
[EventType "tourn (corr)"]
[EventRounds "12"]
[SourceTitle "Corr 2024"]
[Source "ChessBase"]
[SourceDate "2023.10.19"]
[SourceVersion "1"]
[SourceVersionDate "2023.10.19"]
[SourceQuality "1"]

1. e4 e5 2. Nf3 Nc6 3. d4 exd4 4. Nxd4 Bc5 5. Be3 Qf6 6. c3 Nge7 7. Bb5 a6 8. Bxc6 Nxc6 9. 0-0 0-0 10. b4 Be7 11. Nd2 Nxd4 12. Bxd4 Qh6 13. Qe2 d6 14. f4 Bd7 15. Qd3 Rfd8 16. Rac1 c5 17. Be3 Bc6 18. Qb1 b5 19. Rfe1 a5 20. bxc5 dxc5 21. c4 b4 22. e5 Bh4 23. Rf1 Qh5 24. Nf3 Be7 25. Rf2 Ra7 26. Rd1 Rxd1+ 27. Qxd1 a4 28. Rd2 Ra8 29. Ne1 Qxd1 30. Rxd1 b3 31. axb3 axb3 32. Rb1 Rb8 33. Rb2 Be4 34. g4 f6 35. e6 Bd6 36. Kf2 g5 37. Kg3 Kf8 38. h4 Ke7 39. hxg5 fxg5 40. Bd2 Kxe6 41. Ng2 gxf4+ 42. Nxf4+ Kf6 43. Kh4 Be5 44. g5+ Kf5 0-1

[Event "IECG CN.2002.0.00304 email"]
[Site "IECG email"]
[Date "2002.08.16"]
[Round "?"]
[White "Scott, David"]
[Black "Lundqvist, Tomas"]
[Result "0-1"]
[WhiteElo "490"]
[BlackElo "921"]
[PlyCount "54"]
[EventDate "2002.08.16"]
[EventType "tourn (corr)"]
[EventRounds "6"]
[SourceTitle "Corr 2008"]
[Source "ChessBase"]
[SourceDate "2008.06.24"]
[SourceVersion "1"]
[SourceVersionDate "2008.06.24"]
[SourceQuality "1"]

1. Nf3 d5 2. g3 c6 3. Bg2 Nf6 4. 0-0 Bf5 5. d4 g6 6. Nbd2 Nbd7 7. e3 Bg7 8. Re1 Qc7 9. c4 e5 10. dxe5 Nxe5 11. b3 Nd3 12. Re2 Ne4 13. Nxe4 Bxa1 14. Qxd3 dxe4 15. Qd2 exf3 16. Bxf3 Be5 17. Ba3 Rd8 18. Qb4 Rd6 19. e4 Be6 20. h4 Rd1+ 21. Re1 a5 22. Qc3 Bxc3 23. Rxd1 a4 24. Rd3 Qa5 25. e5 axb3 26. axb3 Qxa3 27. Rxc3 Qa1+ 0-1

[Event "IECG CN.2002.0.00282 email"]
[Site "IECG email"]
[Date "2002.02.13"]
[Round "?"]
[White "Wood, Brian B"]
[Black "Lundqvist, Tomas"]
[Result "1/2-1/2"]
[WhiteElo "890"]
[BlackElo "800"]
[PlyCount "91"]
[EventDate "2002.02.13"]
[EventType "tourn (corr)"]
[EventRounds "6"]
[SourceTitle "Corr 2008"]
[Source "ChessBase"]
[SourceDate "2008.06.24"]
[SourceVersion "1"]
[SourceVersionDate "2008.06.24"]
[SourceQuality "1"]

1. e4 c5 2. Nf3 d6 3. d4 cxd4 4. Nxd4 Nf6 5. Nc3 g6 6. Be3 Bg7 7. Bc4 0-0 8. 0-0 Nbd7 9. f3 Ne5 10. Bb3 b6 11. Qe2 Bb7 12. Rad1 Rc8 13. Bg5 Ned7 14. Rfe1 Rc5 15. Be3 a6 16. Qd2 Rc8 17. Bh6 Bxh6 18. Qxh6 e5 19. Nde2 Nc5 20. Bd5 Nxd5 21. Nxd5 b5 22. Nec3 Ne6 23. Qd2 Nd4 24. a3 Bxd5 25. Nxd5 Rxc2 26. Qe3 Rxb2 27. Rxd4 exd4 28. Qxd4 Ra2 29. Nf6+ Kh8 30. Nd7+ f6 31. Qxd6 Rg8 32. Rd1 f5 33. Qe5+ Rg7 34. Rd6 Qe7 35. Nf6 Rf7 36. Nh5+ Kg8 37. Nf6+ Kg7 38. Re6 Ra1+ 39. Kf2 Ra2+ 40. Kg3 Qxf6 41. Rxf6 Rxf6 42. exf5 gxf5 43. h4 f4+ 44. Kh3 h6 45. Qe7+ Rf7 46. Qe5+ 1/2-1/2

[Event "IECG RN.2002.0.00011"]
[Site "IECG email"]
[Date "2002.01.09"]
[Round "?"]
[White "Balaram, Mohanakrishnan"]
[Black "Lundqvist, Tomas"]
[Result "0-1"]
[WhiteElo "800"]
[BlackElo "800"]
[PlyCount "38"]
[EventDate "2002.01.09"]
[EventType "tourn (corr)"]
[EventRounds "6"]
[SourceTitle "Corr 2008"]
[Source "ChessBase"]
[SourceDate "2008.06.24"]
[SourceVersion "1"]
[SourceVersionDate "2008.06.24"]
[SourceQuality "1"]

1. d4 d6 2. c4 Nf6 3. Nc3 e5 4. dxe5 dxe5 5. Qxd8+ Kxd8 6. Bg5 Nbd7 7. Nf3 Bb4 8. Rd1 Bxc3+ 9. bxc3 e4 10. Ne5 Ke8 11. Nxd7 Bxd7 12. Bxf6 gxf6 13. e3 Rd8 14. c5 Be6 15. a3 Rg8 16. g3 Rg5 17. Rb1 Rxc5 18. Rxb7 Rxc3 19. Bb5+ c6 0-1

[Event "IECG RN.2002.0.00011"]
[Site "IECG email"]
[Date "2002.01.09"]
[Round "?"]
[White "Lundqvist, Tomas"]
[Black "Fernandez, Paco"]
[Result "1-0"]
[WhiteElo "800"]
[BlackElo "830"]
[PlyCount "31"]
[EventDate "2002.01.09"]
[EventType "tourn (corr)"]
[EventRounds "6"]
[SourceTitle "Corr 2008"]
[Source "ChessBase"]
[SourceDate "2008.06.24"]
[SourceVersion "1"]
[SourceVersionDate "2008.06.24"]
[SourceQuality "1"]

1. e4 c6 2. Nc3 d5 3. Qf3 dxe4 4. Nxe4 Nf6 5. Bc4 e5 6. b3 Be7 7. Be2 Nxe4 8. Qxe4 Qd4 9. Qxd4 exd4 10. Bb2 Bf6 11. Nf3 c5 12. c3 dxc3 13. Bxc3 Bxc3 14. dxc3 0-0 15. Rd1 Nd7 16. 0-0 1-0

[Event "IECG CN.2001.0.00273"]
[Site "IECG email"]
[Date "2001.12.11"]
[Round "?"]
[White "Marin, Andres"]
[Black "Lundqvist, Tomas"]
[Result "0-1"]
[WhiteElo "800"]
[BlackElo "800"]
[PlyCount "48"]
[EventDate "2001.12.11"]
[EventType "tourn (corr)"]
[EventRounds "6"]
[SourceTitle "Corr 2008"]
[Source "ChessBase"]
[SourceDate "2008.06.24"]
[SourceVersion "1"]
[SourceVersionDate "2008.06.24"]
[SourceQuality "1"]

1. e4 e6 2. d4 d5 3. e5 b6 4. Nf3 Ne7 5. Bd3 c5 6. c4 cxd4 7. cxd5 Qxd5 8. Qa4+ Nbc6 9. Na3 Bd7 10. Nb5 Nxe5 11. Be2 Nxf3+ 12. Bxf3 Qe5+ 13. Be3 dxe3 14. 0-0 Bxb5 15. Qe4 Qxe4 16. Bxe4 Nd5 17. Rfe1 exf2+ 18. Kxf2 Rd8 19. Rad1 Bc5+ 20. Kf3 0-0 21. Bb1 Rfe8 22. Re4 Nb4 23. Rxd8 Rxd8 24. Rh4 Nd3 0-1